00589 a2200181 450000100060000002000150000604000220002110000210004324000310006424500260009530000080012136200090012965000230013894200070016195201130016895201090028199900170039057144 a851601181X cAnchieta - Pituba aBelinky, Tatiana10aTransplante de meninalpor10aTransplante de menina a1580 a1995 4aLiteratura juvenil cBK 00104070a91.1b91.1d2023-11-21l0oLJ 028.5 B431t BEL TRAp7017/PITr2023-11-21 18:24:45w2023-11-21yBK 00102ddc4070a57.2b57.2d2024-05-03l0pnt146r2024-05-03 11:01:21w2024-05-03yBKzEstante Brancau c57144d57144